000 00349nam a2200145 a 4500
005 20140414132107.0
008 100902s19uu xx 00 eng d
050 _aM 796.7
_bJ63 2008
100 _aJohnson, Ben
245 _aMotocross.
260 _bTicktock,
_c2008.
440 _aUltimate thrill sports
650 _aMotocross
999 _c114623
_d114623